<?xml version='1.0' encoding='UTF-8'?>
  <record xmlns="http://www.loc.gov/MARC21/slim">
    <leader>00000cam a22000007i 4500</leader>
    <controlfield tag="001">ocm67799961</controlfield>
    <controlfield tag="003">OCoLC</controlfield>
    <controlfield tag="005">20240710215333.1</controlfield>
    <controlfield tag="008">990224s1521    fr            000 0 lat d</controlfield>
    <datafield tag="040" ind1=" " ind2=" ">
      <subfield code="a">NLGGC</subfield>
      <subfield code="b">eng</subfield>
      <subfield code="e">rda</subfield>
      <subfield code="e">dcrmr</subfield>
      <subfield code="c">NLGGC</subfield>
      <subfield code="d">OCLCO</subfield>
      <subfield code="d">QGJ</subfield>
      <subfield code="d">OCLCO</subfield>
      <subfield code="d">OCLCL</subfield>
      <subfield code="d">OCLCQ</subfield>
    </datafield>
    <datafield tag="029" ind1="0" ind2=" ">
      <subfield code="a">NLGGC</subfield>
      <subfield code="b">180770888</subfield>
    </datafield>
    <datafield tag="035" ind1=" " ind2=" ">
      <subfield code="a">(OCoLC)67799961</subfield>
    </datafield>
    <datafield tag="100" ind1="1" ind2=" ">
      <subfield code="a">Luther, Martin,</subfield>
      <subfield code="d">1483-1546,</subfield>
      <subfield code="e">author.</subfield>
      <subfield code="4">aut</subfield>
      <subfield code="1">https://id.oclc.org/worldcat/entity/E39PBJcC3jTktTmxwtTMgxrQbd</subfield>
    </datafield>
    <datafield tag="240" ind1="1" ind2="0">
      <subfield code="a">Assertio omnium articulorum</subfield>
    </datafield>
    <datafield tag="245" ind1="1" ind2="0">
      <subfield code="a">Assertio omnium articulorum M. Lutheri, per Bullam Leonis X. novissimam damnatorum.</subfield>
    </datafield>
    <datafield tag="246" ind1="3" ind2=" ">
      <subfield code="a">Assertio omnivm articulorvm M. Lutheri, per Bullam Leonis X nouissimam damnatorum</subfield>
    </datafield>
    <datafield tag="264" ind1=" " ind2="1">
      <subfield code="a">[Paris] :</subfield>
      <subfield code="b">[Michel Lesclancher],</subfield>
      <subfield code="c">[1521]</subfield>
    </datafield>
    <datafield tag="300" ind1=" " ind2=" ">
      <subfield code="a">[84] pages ;</subfield>
      <subfield code="c">20 cm (4to)</subfield>
    </datafield>
    <datafield tag="336" ind1=" " ind2=" ">
      <subfield code="a">text</subfield>
      <subfield code="b">txt</subfield>
      <subfield code="2">rdacontent</subfield>
    </datafield>
    <datafield tag="337" ind1=" " ind2=" ">
      <subfield code="a">unmediated</subfield>
      <subfield code="b">n</subfield>
      <subfield code="2">rdamedia</subfield>
    </datafield>
    <datafield tag="338" ind1=" " ind2=" ">
      <subfield code="a">volume</subfield>
      <subfield code="b">nc</subfield>
      <subfield code="2">rdacarrier</subfield>
    </datafield>
    <datafield tag="340" ind1=" " ind2=" ">
      <subfield code="m">4to</subfield>
      <subfield code="2">rdabf</subfield>
    </datafield>
    <datafield tag="500" ind1=" " ind2=" ">
      <subfield code="a">Title in decorated border.</subfield>
    </datafield>
    <datafield tag="500" ind1=" " ind2=" ">
      <subfield code="a">On title page: Non audis eandem semper cantilenam Lector, proprius admoue aures, miraberis inexaustae &amp; invictae veritatis semp[er] noua arma, rursus impioru[m] me[n]dacia semper nuda &amp; frigidissima esse videbis.</subfield>
    </datafield>
    <datafield tag="500" ind1=" " ind2=" ">
      <subfield code="a">Dedication dated: Vuittembergae. M.D.XXI., secunda Maij.</subfield>
    </datafield>
    <datafield tag="500" ind1=" " ind2=" ">
      <subfield code="a">Signatures: Aa-Ii⁴ Kk⁶; Kk6v is blank.</subfield>
    </datafield>
    <datafield tag="500" ind1=" " ind2=" ">
      <subfield code="a">According to Moreau (Inventaire chronologique des éditions parisiennes du XVIe siècle) printed by Michel Lesclencher; according to Claus &amp; Pegg (Ergänzungen zur Bibliographie der zeitgenössischen Lutherdrucke) by Pierre Vidoué.</subfield>
    </datafield>
    <datafield tag="510" ind1="4" ind2=" ">
      <subfield code="a">Claus, H. Ergänzungen zur Bibliographie der zeitgenössischen Lutherdrucke,</subfield>
      <subfield code="c">*783a</subfield>
    </datafield>
    <datafield tag="510" ind1="4" ind2=" ">
      <subfield code="a">Moreau, B. Inventaire chronologique des éditions parisiennes du XVIe siècle,</subfield>
      <subfield code="c">3, 170 ter</subfield>
    </datafield>
    <datafield tag="600" ind1="1" ind2="0">
      <subfield code="a">Luther, Martin,</subfield>
      <subfield code="d">1483-1546.</subfield>
    </datafield>
    <datafield tag="600" ind1="0" ind2="0">
      <subfield code="a">Leo</subfield>
      <subfield code="b">X,</subfield>
      <subfield code="c">Pope,</subfield>
      <subfield code="d">1475-1521.</subfield>
    </datafield>
    <datafield tag="650" ind1=" " ind2="0">
      <subfield code="a">Reformation</subfield>
      <subfield code="v">Sources.</subfield>
    </datafield>
    <datafield tag="650" ind1=" " ind2="0">
      <subfield code="a">Bulls, Papal.</subfield>
    </datafield>
    <datafield tag="650" ind1=" " ind2="6">
      <subfield code="a">Bulles pontificales.</subfield>
    </datafield>
    <datafield tag="650" ind1=" " ind2="6">
      <subfield code="a">Réforme (Christianisme)</subfield>
      <subfield code="v">Sources.</subfield>
    </datafield>
    <datafield tag="650" ind1=" " ind2="7">
      <subfield code="a">bullae (seals)</subfield>
      <subfield code="2">aat</subfield>
    </datafield>
    <datafield tag="650" ind1=" " ind2="7">
      <subfield code="a">bulls (papal records)</subfield>
      <subfield code="2">aat</subfield>
    </datafield>
    <datafield tag="600" ind1="0" ind2="7">
      <subfield code="a">Leo</subfield>
      <subfield code="b">X,</subfield>
      <subfield code="c">Pope,</subfield>
      <subfield code="d">1475-1521</subfield>
      <subfield code="2">fast</subfield>
      <subfield code="1">https://id.oclc.org/worldcat/entity/E39PBJbWC3QKk4Wrx7Hfj7w3cP</subfield>
    </datafield>
    <datafield tag="600" ind1="1" ind2="7">
      <subfield code="a">Luther, Martin,</subfield>
      <subfield code="d">1483-1546</subfield>
      <subfield code="2">fast</subfield>
      <subfield code="1">https://id.oclc.org/worldcat/entity/E39PBJcC3jTktTmxwtTMgxrQbd</subfield>
    </datafield>
    <datafield tag="650" ind1=" " ind2="7">
      <subfield code="a">Bulls, Papal</subfield>
      <subfield code="2">fast</subfield>
    </datafield>
    <datafield tag="650" ind1=" " ind2="7">
      <subfield code="a">Reformation</subfield>
      <subfield code="2">fast</subfield>
    </datafield>
    <datafield tag="655" ind1=" " ind2="7">
      <subfield code="a">Sources</subfield>
      <subfield code="2">fast</subfield>
    </datafield>
    <datafield tag="700" ind1="1" ind2=" ">
      <subfield code="a">Lesclancher, Michel,</subfield>
      <subfield code="d">active 1515-1521,</subfield>
      <subfield code="e">printer,</subfield>
      <subfield code="e">attributed name.</subfield>
      <subfield code="4">prt</subfield>
      <subfield code="4">att</subfield>
      <subfield code="1">https://id.oclc.org/worldcat/entity/E39PCjKYg3xyqcxXy7y78QDpKb</subfield>
    </datafield>
    <datafield tag="700" ind1="1" ind2=" ">
      <subfield code="a">Vidoué, Pierre,</subfield>
      <subfield code="d">-1543,</subfield>
      <subfield code="e">printer,</subfield>
      <subfield code="e">attributed name.</subfield>
      <subfield code="4">prt</subfield>
      <subfield code="4">att</subfield>
      <subfield code="1">https://id.oclc.org/worldcat/entity/E39PBJd3QjdRygPXXHwqX9CYT3</subfield>
    </datafield>
    <datafield tag="700" ind1="1" ind2=" ">
      <subfield code="a">Feilitzsch, Fabian von,</subfield>
      <subfield code="d">-1520,</subfield>
      <subfield code="e">dedicatee.</subfield>
      <subfield code="4">dte</subfield>
    </datafield>
    <datafield tag="752" ind1=" " ind2=" ">
      <subfield code="a">France</subfield>
      <subfield code="d">Paris,</subfield>
      <subfield code="e">publication place.</subfield>
      <subfield code="4">pup</subfield>
    </datafield>
    <datafield tag="881" ind1=" " ind2=" ">
      <subfield code="a">ASSERTIO||OMNIVM ARTICVLO-||rum Lutheri, per Bullam Leonis X nouissimam damnatorum.</subfield>
    </datafield>
  </record>